000 00332 a2200145 4500
999 _c12200
_d12200
003 OSt
005 20240117160207.0
008 240117b ||||| |||| 00| 0 eng d
020 _a978-9812450890
082 _a725.4
_bHAR
100 _a Hartje, Hans
245 _aWineries : architecture & design
260 _c2004
942 _2ddc